[Event "Canadian op"]
[Site "Toronto"]
[Date "1976.08.02"]
[Round "4"]
[White "Bruziewicz, Andrew J"]
[Black "Brown, Paul2"]
[Result "1/2-1/2"]
[WhiteElo "1600"]
[BlackElo "1830"]
[PlyCount "68"]
[EventDate "1976.08.31"]
[EventType "tourn"]
[EventRounds "10"]
[EventCountry "CAN"]
[SourceTitle "EXT 2022"]
[Source "ChessBase"]
[SourceDate "2021.10.06"]
[SourceVersion "1"]
[SourceVersionDate "2021.10.06"]
[SourceQuality "1"]

1. e4 e6 2. Nc3 d5 3. Nf3 Nf6 4. e5 Nfd7 5. d4 c5 6. dxc5 Nc6 7. Bf4 Bxc5 8. Qd2 a6 9. Bd3 Nb4 10. 0-0 Nxd3 11. cxd3 b5 12. d4 Be7 13. Bg5 Nb6 14. b3 Bd7 15. Bxe7 Qxe7 16. Rac1 b4 17. Ne2 Bb5 18. Rc2 0-0 19. Rfc1 Ra7 20. Nf4 h6 21. Nd3 a5 22. Rc5 Qd7 23. Nf4 Rc8 24. Qc2 Raa8 25. Nd3 Qb7 26. h3 Qa6 27. Rxc8+ Rxc8 28. Nc5 Qa7 29. Qd2 Rc6 30. Ne1 Qc7 31. Ncd3 Bxd3 32. Nxd3 Rxc1+ 33. Qxc1 Qxc1+ 34. Nxc1 Nd7 1/2-1/2